000 01208nam a2200229Ia 4500
001 L240-11830
003 IT-CnALBA
008 170116s9999||||xx |||||||||||||| ||und||
040 _aIT-CnALBA
_cIT-CnALBA
041 _aITALIANO
100 _aSENZA AUTORE
245 0 _aSPIRITUALITÀ ROSMINIANA.
250 _a1a ed.
260 _aCINISELLO BALSAMO (MI)
_bEDIZIONI PAOLINE
_c1964 [1° Ed.:1964 - Ed.Ling.Originale: 1964]
300 _a759 p.
500 _aPACE E VERITÀ. CENNI BIOGRAFICI. ANTONIO ROSMINI. LETTERE. MASSIME DI PERFEZIONE. INDIFFERENZA DELLA VOLONTÀ. CARITÀ. SACRIFICIO. CONFESSIONI DELLA FEDE. VERITÀ SPIRITO SANTO ROSARIO. MATRIMONIO CRISTIANO. CANTICO DI MARIA VERGINE. DOTTRINA SACRAMENTALE.
501 _aSocietà San Paolo EM - Piazza San Paolo, 14 - 12051 ALBA (CN) (non commercial uses only) ® Copyright 2017
520 _aPACE E VERITÀ. CENNI BIOGRAFICI. ANTONIO ROSMINI. LETTERE. MASSIME DI PERFEZIONE. INDIFFERENZA DELLA VOLONTÀ. CARITÀ. SACRIFICIO. CONFESSIONI DELLA FEDE. VERITÀ SPIRITO SANTO ROSARIO. MATRIMONIO CRISTIANO. CANTICO DI MARIA VERGINE. DOTTRINA SACRAMENTALE.
650 _aTEOLOGIA SPIRITUALE CRISTIANA
942 _cBK
957 _71
999 _a16583
_bNO
_g Copie: 1
_c271007
_d271007